Представление документа в формате RUSMARC

ПолеНазваниеЗначение
  Тип записи a
  Библиографический уровень m
001 Контрольный номер RU/УОНБ/EK_N/662662853
005 Дата корректировки 20251118121833.0
010 Индекс ISBN __
9 Тираж 16000 экз.
013 Номер (ISMN) __
d Цена 75 к.
071 Издательские номер (звукозапись и ноты) 21
a Номер, присвоенный агентством 2037
100 Данные общей обработки __
a Данные общей обработки 20201230d1961 u y0rusy0189||||ca
101 Язык документа 0_
a Язык текста rus
f Язык титульного листа rus
102 Страна публикации __
a Страна публикации RU
105 Кодированные данные (монография) __
a Кодированные данные (монография) y###||||000|y
125 Кодированные данные звукозаписи и нотных изданий __
a Форма изложения нотного текста с|
128 Кодированные данные (звукозаписи-физические характеристики) __
a Кодированные данные: Музыкальная форма и тональность или лад ccn
c Инструменты или голоса, рекомендуемые для солистов (устаревшее) kt||
200 Заглавие и сведения об ответственности 1_
a Заглавие Вып. 2
f Первые сведения об ответственности сост. С. Коняев
210 Выходные данные __
d Дата издания 1961
215 Физическое описание __
a Объем 60 с.
327 Примечание о содержании 11
a Примечание о содержании Содерж. : Пахмутова А. Песня о тревожной молодости : из кф. "По ту сторону" / сл. Л. Ошанина. - Фаттах А. Юность поет ; В девятнадцать лет / сл. А. Ерикеева. - Эшпай А. Песня о дружбе / сл. В. Карпеко и Г. Регистана. - Иванов Н. Ой, белая березонька / сл. Я. Шведова ; Ой ты, поле русское / сл. В. Малкова. - Соловьев-Седой В. Если бы парни всей земли / сл. Е. Долматовского ; В путь / сл. М. Дудина. - Кац С. Если хочешь ты найти друзей / сл. В. Харитонова. - Лагидзе Р. Песня о Тбилиси / сл. П. Грузинского. - Бойко Р. Уходят в море рыбаки ; Если в сердце любовь постучится / сл. В. Кузнецова. - Майборода П. Песня о рушнике : из кф. "Годы молодые" / сл. А. Малышко. - Носов Г. Плясовая / сл. А. Чуркина. - Новиков А. Огневые годы пройдены ; Весной / сл. В. Харитонова. - Островский А. Веришь - не веришь / сл. Л. Ошанина. - Холминов А. В метро / сл. В. Кузнецова. - Бабаев А. Сероглазая : песня из кф. "Огонек в горах" / сл. Г. Регистана. - Абрамов А. Почему? / сл. В. Малкова. - Булатов С. Облака несутся белоснежные / сл. Н. Булатовой.
461 Уровень набора _0
1 001RU/УОНБ/EK_N/662662340
1 200
a Песни советских композиторов
b Ноты
e в перелож. для аккордеона [с надпис. текстом]
v Вып. 2
1 210
a М.
c Советский композитор
d 1961 -
464 Аналитический уровень _0
1 2001
a Песня о тревожной молодости
e Забота у нас простая...
e из кф. "По ту сторону"
1 700 1
a Пахмутова
b А.
1 702 1
a Ошанин
b Л.
4 520
1 50010
a По ту сторону
464 Аналитический уровень _0
1 2001
a Юность поет
e Над родимой стороною...
1 700 1
a Фаттах
b А.
1 702 1
a Ерикеев
b А.
4 520
464 Аналитический уровень _0
1 2001
a Песня о дружбе
e Уас в порту дымят спокойно корабли...
1 700 1
a Эшпай
b А.
1 702 1
a Карпеко
b В.
4 520
1 702 1
a Регистан
b Г.
4 520
464 Аналитический уровень _0
1 2001
a Ой, белая березонька
e Красуется березонька...
1 700 1
a Иванов
b Н.
1 702 1
a Шведов
b Я.
4 520
464 Аналитический уровень _0
1 2001
a Если бы парни всей земли
e Если бы парни всей земли...
1 700 1
a Соловьев-Седой
b В.
1 702 1
a Долматовский
b Е.
4 520
464 Аналитический уровень _0
1 2001
a Если хочешь ты найти друзей
e Собраться с тобой нам в дорогу пустяк...
1 700 1
a Кац
b С.
1 702 1
a Харитонов
b Б.
4 520
464 Аналитический уровень _0
1 2001
a Песня о Тбилиси
e Такой лазурный небосвод...
1 700 1
a Лагидзе
b Р.
1 702 1
a Грузинский
b П.
4 520
464 Аналитический уровень _0
1 2001
a Уходят в море рыбаки
e Разбужен песенкой счастливой...
1 700 1
a Бойко
b Р.
1 702 1
a Кузнецов
b В.
4 520
464 Аналитический уровень _0
1 2001
a Песня о рушнике
e В муках, мати моя, ты меня породила...
e из кф. "Годы молодые"
1 700 1
a Майборода
b П.
1 702 1
a Малышко
b А.
4 520
1 50010
a Годы молодые
464 Аналитический уровень _0
1 2001
a Плясовая
e На дубу меж ветвей...
1 700 1
a Носов
b Г.
1 702 1
a Чуркин
b А.
4 520
464 Аналитический уровень _0
1 2001
a Огневые годы пройдены
e За тачаночкой двуколочкой...
1 700 1
a Новиков
b А.
1 702 1
a Харитонов
b В.
4 520
464 Аналитический уровень _0
1 2001
a Веришь - не веришь
e Поезд, оставив дымок...
1 700 1
a Островский
b А.
1 702 1
a Ошанин
b Л.
4 520
464 Аналитический уровень _0
1 2001
a В метро
e Бежит живая лестница...
1 700 1
a Холминов
b А.
1 702 1
a Кузнецов
b В.
4 520
464 Аналитический уровень _0
1 2001
a Сероглазая
e Только песни я любил...
e песня из кф. "Огонек в горах"
1 700 1
a Бабаев
b А.
1 702 1
a Регистан
b Г.
4 520
1 50010
a Огонек в горах
464 Аналитический уровень _0
1 2001
a Почему?
e В час, когда тебя встречаю...
1 700 1
a Абрамов
b А.
1 702 1
a Малков
b В.
4 520
464 Аналитический уровень _0
1 2001
a Облака несутся белоснежные
e Облака несутся белоснежные...
1 700 1
a Булатов
b С.
1 702 1
a Булатова
b Н.
4 520
464 Аналитический уровень _0
1 2001
a В девятнадцать лет
e За рекой огни качаются...
1 700 1
a Фаттах
b А.
1 702 1
a Ерикеев
b А.
4 520
464 Аналитический уровень _0
1 2001
a Ой ты, поле русское
e Ой ты, поле русское...
1 700 1
a Иванов
b Н.
1 702 1
a Малков
b В.
4 520
464 Аналитический уровень _0
1 2001
a В путь
e Путь далек у нас с тобою...
1 700 1
a Соловьев-Седой
b В.
1 702 1
a Дудин
b М.
4 520
464 Аналитический уровень _0
1 2001
a Если в сердце любовь постучится
e Разбужен песенкой счастливой...
1 700 1
a Бойко
b Р.
1 702 1
a Кузнецов
b В.
4 520
464 Аналитический уровень _0
1 2001
a Весной
e Пришла весна в мои края...
1 700 1
a Новиков
b А.
1 702 1
a Харитонов
b В.
4 520
512 Заглавие обложки 1_
a Заглавие обложки Песни советских композиторов
606 Тематические рубрики 0_
a Основная рубрика Аккордеон
x Основная подрубрика Переложения для аккордеона
x Основная подрубрика Песни советских композиторов
610 Ключевые слова 0_
a Ключевые слова песни советских композиторов
610 Ключевые слова 0_
a Ключевые слова аккордеон
610 Ключевые слова 0_
a Ключевые слова переложения вокальных произведений
610 Ключевые слова 0_
a Ключевые слова переложения для аккордеона
686 Индексы других классификаций __
a Классификационный индекс 85.954.7-094(2)я43
2 Код системы rubbk
702 Вторичная интеллектуальная ответственность __
a Фамилия Коняев
b Имя (инициалы) С.
4 Код отношения 220
801 Источник записи _0
a Страна RU
b Организация Ульяновская ОНБ
c Дата составления 20201230
g Правила каталогизации RCR
801 Источник записи _1
a Страна RU
b Организация Ульяновская ОНБ
c Дата составления 20201230
g Правила каталогизации RCR
901 Тип документа __
t Тип документа n
w Контрольный № источника RU/УОНБ/EK_N/662662340
909 Создатель записи __
a Создатель записи Никитина Т. А.
938 Служебная информация __
a Имя БД noti
b Имя библиотеки УОНБ
c Имя АИБС МАРК-SQL
d Номер DOC_ID в БД 23218